| 000 | 00434nam a2200169Ia 4500 | ||
|---|---|---|---|
| 003 | OSt | ||
| 005 | 20260309122904.0 | ||
| 008 | 211028s2011 xx 000 0 und d | ||
| 040 | _cAIMIT LIBRARY | ||
| 041 | _aeng | ||
| 100 |
_aV, Manoj; Dsouza, Manibushan. _g81759 _93483 |
||
| 110 |
_aR Manimozhi. _93484 |
||
| 245 | _aOnline banking system / | ||
| 260 |
_aBangalore _c2011 |
||
| 710 |
_aAmity Info Tech _93485 |
||
| 942 |
_2ddc _cPRO |
||
| 999 |
_c217247 _d217247 |
||